Statistics for Five Islands by Letter #2

Click here to take the quiz!

General Stats

  • This quiz has been taken 124 times
  • The average score is 23 of 30

Answer Stats

ClueIsland% Correct
IThe Emerald IsleIreland
99%
IDiscovered by Vikings in 874 ADIceland
96%
MMediterranean island nationMalta
95%
ISpain's party islandIbiza
94%
JBob Marley's islandJamaica
94%
MOne of the five boroughs of NYCManhattan
94%
LBiggest island in New YorkLong
91%
JEnglish Channel islandJersey
90%
NThe world's smallest island countryNauru
90%
MLargest island in the Indian OceanMadagascar
88%
NJoined Canada in 1949Newfoundland
88%
JWorld's most populous islandJava
86%
LGreek island where Sappho livedLesbos
83%
NWhere Auckland and Rotorua areNorth Island
81%
KVolcanic island that erupted in 1883Krakatoa
80%
LMain island of the PhilippinesLuzon
80%
NOtherwise known as PapuaNew Guinea
80%
KFlorida island where Hemingway livedKey West
79%
MFrench island in the CaribbeanMartinique
76%
MPortuguese autonomous islandMadeira
72%
IWhere a U.S. flag was raised in WWIIIwo Jima
70%
JFirst English settlement in AmericaJamestown
62%
KCroatian island with no vowelsKrk
60%
KAlaskan island / bear subspeciesKodiak
58%
KSouthernmost of Japan's main islandsKyushu
58%
N"There once was a man from..."Nantucket
55%
IHome to OdysseusIthaca
54%
JLargest South Korean islandJeju
44%
LIndonesian island east of BaliLombok
30%
LLargest of the Outer HebridesLewis and Harris
29%

Score Distribution

Percentile by Number Answered

Percent of People with Each Score

Your Score History

You have not taken this quiz